000
00257nam a22000857a 4500
008
170620b xxu||||| |||| 00| 0 eng d
100
_9
3578
_a
Bontrager,K.L et al
245
_a
Text book of Radiographic positaning and related Anatomy
260
_a
USA
_b
Elsevier
_c
2006
999
_c
6964
_d
6964